Verejná správa a spoločnosť

Na minha lista:
Detalhes bibliográficos
Formato: Periódico
Idioma:eslovaco
Publicado em: Košice Fakulta verejnej správy Univerzity Pavla Jozefa Šafárika 2003
Assuntos:
Tags: Adicionar Tag
Sem tags, seja o primeiro a adicionar uma tag!

MARC

LEADER 00000nas2a2200000 4500
001 0052886
005 20070205103839.3
022 |a 1335-7182 
041 0 |a slo 
044 |a SK 
245 1 0 |a Verejná správa a spoločnosť 
264 1 |a Košice  |b Fakulta verejnej správy Univerzity Pavla Jozefa Šafárika  |c 2003 
773 0 |w eu_un_cat*0050599 
610 2 0 |a správa verejná 
610 2 0 |a spoločnosť